| Поле | Инд. | ПП | Название | Значение |
|---|---|---|---|---|
| Тип записи | a | |||
| Библиографический уровень | m | |||
| 001 | Контрольный номер | 2c9ef78b-a6d6-444b-92ab-e5bceba2ecd8 | ||
| 005 | Дата корректировки | 20140226131946.7 | ||
| 008 | Кодируемые данные | 980427 d | ||
| 020 | a | ISBN | 5-230-08804-4 | |
| c | Цена, тираж | 600.00 | ||
| 041 | a | Код языка текста | rus | |
| 080 | a | Индекс УДК | 530.145.6(075.8) | |
| 084 | a | Индекс другой классификации/Индекс ББК | В314я731-1 | |
| 090 | c | Каталожный индекс | В314я731-1 | |
| x | Авторский знак | З-17 | ||
| a | Полочн. индекс | В314 | ||
| 100 | 1_ | a | Автор | Зайцев Анатолий Алексеевич |
| 245 | 00 | a | Заглавие | Элементы теории отражения и преломления волн и потоков |
| b | Продолж. заглавия | Учеб. пособие | ||
| c | Ответственность | Калинингр. гос. ун-т | ||
| 260 | 0_ | a | Место издания | Калининград |
| b | Издательство | КГУ | ||
| c | Дата издания | 1994 | ||
| 300 | a | Объем | 64 с. | |
| b | Иллюстрации/ тип воспроизводства | ил. | ||
| 500 | a | Примечание | Библиогр. в примеч.: с. 61-63. | |
| 650 | a | Основная рубрика | Волны | |
| x | Основная подрубрика | Распространение | ||
| x | Основная подрубрика | Учебники для вузов | ||
| 653 | a | Ключевые слова | Волны | |
| a | Ключевые слова | Учебники | ||
| 700 | 1_ | a | Другие авторы | Шпилевой Алексей Яковлевич |
| e | Роль лиц | авт. | ||
| 852 | t | Порядковый номер экземпляра | 1 | |
| p | Инвентарный номер | 655389 | ||
| 930 | a | Новая/Ретро | Учебники | |
| 952 | c | Вид литературы | К ру | |
| 999 | a | Подразделение 2 | Фил3 |